Bedtime stories / (Record no. 110087)
[ view plain ]
| 000 -LEADER | |
|---|---|
| fixed length control field | 00498nam a2200169 a 4500 |
| 001 - CONTROL NUMBER | |
| control field | 3167 |
| 005 - DATE AND TIME OF LATEST TRANSACTION | |
| control field | 20140414131849.0 |
| 008 - FIXED-LENGTH DATA ELEMENTS--GENERAL INFORMATION | |
| fixed length control field | 060202s19uu xx 00 eng d |
| 020 ## - INTERNATIONAL STANDARD BOOK NUMBER | |
| International Standard Book Number | 2-7641-1379-x |
| 050 ## - LIBRARY OF CONGRESS CALL NUMBER | |
| Classification number | M 398.2 |
| Item number | W37 2001 |
| 100 ## - MAIN ENTRY--PERSONAL NAME | |
| Personal name | Werner, Stephanie |
| 245 ## - TITLE STATEMENT | |
| Title | Bedtime stories / |
| Statement of responsibility, etc | story adaptation Stephanie Werber ; illustrations by Alla Ipatova and Petelina Irina. |
| 260 ## - PUBLICATION, DISTRIBUTION, ETC. (IMPRINT) | |
| Place of publication, distribution, etc | Canada : |
| Name of publisher, distributor, etc | Tormont, |
| Date of publication, distribution, etc | 2001. |
| 300 ## - PHYSICAL DESCRIPTION | |
| Extent | 40 p. ; cm. |
| 650 ## - SUBJECT ADDED ENTRY--TOPICAL TERM | |
| Topical term or geographic name as entry element | Short stories. |
| Withdrawn status | Lost status | Damaged status | Use restrictions | Home library | Current library | Shelving location | Date acquired | Source of acquisition | Total Checkouts | Full call number | Barcode | Date last seen | Price effective from | Koha item type |
|---|---|---|---|---|---|---|---|---|---|---|---|---|---|---|
| Munich Library | Munich Library | Main Section | 02/02/2006 | M 398.2 W37 2001 | M0341 | 04/14/2014 | 04/14/2014 | Books |